000 00776nam a2200205 i 4500
001 185901
003 ES-MaACL
005 20230906222537.0
008 160822s1894 sp |||| | spa d
245 0 0 _aCuentos largos y cortos :
_boriginales de los mejores autores /
_ciIlustrados con... grabados originales de D. Luis Labarta.
260 _aBarcelona :
_bRamón Molinas,
_c1894.
300 _a420 p. :
_bil. ;
_c16 cm.
490 1 _aBiblioteca de la Ilustración Iberica
530 _aDisponible en formato digital.
700 1 _aLabarta, Luis.
_969217
830 0 _aBiblioteca de la Ilustración Iberica
_9187640
852 _aES-MaACL
_jG-14985
856 _uhttp://bdh-rd.bne.es/viewer.vm?id=0000143521&page=1
_zBiblioteca Digital Hispánica
999 _c185901
_d185901